[Event "Greek Team Championship"]
[Site "chess24.com"]
[Date "2017.07.08"]
[Round "7"]
[White "Botsari, Anna-Maria"]
[Black "Hristodoulaki, Antonia"]
[Result "1/2-1/2"]
[Board "5"]
[WhiteElo "2314"]
[WhiteTitle "WGM"]
[WhiteCountry "GRE"]
[WhiteFideId "4200446"]
[WhiteEloChange "-7"]
[BlackElo "2032"]
[BlackCountry "GRE"]
[BlackFideId "4214935"]
[BlackEloChange "7"]

1. d4 {[%clk 1:31:00]} d5 {[%clk 1:28:28]} 2. c4 {[%clk 1:31:20]} e6 {[%clk
1:28:46]} 3. Nf3 {[%clk 1:31:44]} c5 {[%clk 1:26:34]} 4. cxd5 {[%clk 1:31:57]}
exd5 {[%clk 1:24:30]} 5. g3 {[%clk 1:32:12]} Nc6 {[%clk 1:21:10]} 6. Bg2 {[%clk
1:32:34]} Nf6 {[%clk 1:20:46]} 7. O-O {[%clk 1:32:56]} Be7 {[%clk 1:19:57]} 8.
Nc3 {[%clk 1:33:21]} O-O {[%clk 1:20:03]} 9. dxc5 {[%clk 1:33:47]} Bxc5 {[%clk
1:20:21]} 10. Na4 {[%clk 1:34:11]} Be7 {[%clk 1:18:15]} 11. Be3 {[%clk 1:32:54]}
Qa5 {[%clk 1:17:10]} 12. a3 {[%clk 1:29:59]} Rd8 {[%clk 1:00:51]} 13. b4 {[%clk
1:17:54]} Qb5 {[%clk 0:51:30]} 14. Nd4 {[%clk 1:14:04]} Nxd4 {[%clk 0:50:11]} 15.
Bxd4 {[%clk 1:13:26]} Bg4 {[%clk 0:47:41]} 16. Re1 {[%clk 1:06:25]} Rac8 {[%clk
0:28:50]} 17. Nc3 {[%clk 1:03:45]} Qa6 {[%clk 0:25:57]} 18. b5 {[%clk 0:58:27]}
Qa5 {[%clk 0:23:32]} 19. Qb3 {[%clk 0:57:35]} Be6 {[%clk 0:22:24]} 20. Red1
{[%clk 0:51:54]} Rd7 {[%clk 0:19:05]} 21. e3 {[%clk 0:44:57]} Kf8 {[%clk
0:14:50]} 22. a4 {[%clk 0:40:44]} Bb4 {[%clk 0:04:17]} 23. Rac1 {[%clk 0:34:36]}
Rdc7 {[%clk 0:03:21]} 24. Na2 {[%clk 0:29:23]} Rxc1 {[%clk 0:00:52]} 25. Rxc1
{[%clk 0:26:44]} Rxc1+ {[%clk 0:01:19]} 26. Nxc1 {[%clk 0:27:04]} Ne4 {[%clk
0:00:40]} 27. Nd3 {[%clk 0:26:11]} Be1 {[%clk 0:00:34]} 28. Qa3+ {[%clk 0:11:17]}
Ke8 {[%clk 0:00:51]} 29. Qc1 {[%clk 0:09:22]} Bd2 {[%clk 0:01:02]} 30. Qc2 {[%clk
0:09:28]} Bc3 {[%clk 0:00:35]} 31. f3 {[%clk 0:02:44]} Bxd4 {[%clk 0:00:41]} 32.
exd4 {[%clk 0:03:11]} Qc3 {[%clk 0:00:38]} 33. Qxc3 {[%clk 0:01:51]} Nxc3 {[%clk
0:01:06]} 34. Nb2 {[%clk 0:01:14]} Ne2+ {[%clk 0:01:22]} 35. Kf2 {[%clk 0:01:40]}
Nxd4 {[%clk 0:01:47]} 36. Ke3 {[%clk 0:01:51]} Nf5+ {[%clk 0:00:56]} 37. Kf4
{[%clk 0:02:01]} f6 {[%clk 0:00:37]} 38. h4 {[%clk 0:02:30]} g5+ {[%clk 0:00:40]}
39. hxg5 {[%clk 0:02:56]} fxg5+ {[%clk 0:01:06]} 40. Ke5 {[%clk 0:32:50]} Bd7
{[%clk 0:30:33]} 41. f4 {[%clk 0:30:18]} g4 {[%clk 0:17:47]} 42. Bxd5 {[%clk
0:21:29]} Nxg3 {[%clk 0:15:29]} 43. Kf6 {[%clk 0:12:46]} 1/2-1/2

[Event "Greek Team Championship"]
[Site "chess24.com"]
[Date "2017.07.08"]
[Round "7"]
[White "Grammatikaki, Aggeliki"]
[Black "Tsolakidou, Stavroula"]
[Result "0-1"]
[Board "6"]
[WhiteElo "1623"]
[WhiteCountry "GRE"]
[WhiteFideId "25802607"]
[WhiteEloChange "-2"]
[BlackElo "2359"]
[BlackTitle "WGM"]
[BlackCountry "GRE"]
[BlackFideId "4264312"]
[BlackEloChange "2"]

1. c4 {[%clk 1:30:55]} e6 {[%clk 1:27:57]} 2. Nf3 {[%clk 1:31:11]} Nf6 {[%clk
1:28:11]} 3. g3 {[%clk 1:31:13]} d5 {[%clk 1:25:04]} 4. Bg2 {[%clk 1:30:54]} dxc4
{[%clk 1:23:31]} 5. Qa4+ {[%clk 1:30:48]} Nbd7 {[%clk 1:23:11]} 6. Qxc4 {[%clk
1:29:46]} a6 {[%clk 1:23:28]} 7. O-O {[%clk 1:28:30]} b5 {[%clk 1:22:55]} 8. Qc2
{[%clk 1:25:04]} Bb7 {[%clk 1:23:11]} 9. d3 {[%clk 1:20:21]} c5 {[%clk 1:23:01]}
10. Bf4 {[%clk 1:16:26]} Be7 {[%clk 1:21:57]} 11. Nbd2 {[%clk 1:11:13]} Nd5
{[%clk 1:17:04]} 12. Ne5 {[%clk 1:01:40]} Nxf4 {[%clk 1:03:41]} 13. gxf4 {[%clk
1:00:55]} Bxg2 {[%clk 1:03:31]} 14. Kxg2 {[%clk 1:01:09]} Nb6 {[%clk 1:01:06]}
15. Ne4 {[%clk 0:48:38]} Qd5 {[%clk 0:55:57]} 16. Kg1 {[%clk 0:43:28]} f6 {[%clk
0:45:21]} 17. Nf3 {[%clk 0:40:36]} Qf5 {[%clk 0:45:34]} 18. Kh1 {[%clk 0:30:25]}
Qxf4 {[%clk 0:36:40]} 19. Nxc5 {[%clk 0:27:14]} Rc8 {[%clk 0:34:54]} 20. d4
{[%clk 0:25:27]} Bxc5 {[%clk 0:33:35]} 21. dxc5 {[%clk 0:25:44]} Nd7 {[%clk
0:32:41]} 22. Rg1 {[%clk 0:14:58]} O-O {[%clk 0:31:12]} 23. Qd2 {[%clk 0:12:56]}
Qxd2 {[%clk 0:30:56]} 24. Nxd2 {[%clk 0:13:21]} Rxc5 {[%clk 0:17:17]} 25. Rac1
{[%clk 0:12:23]} Rfc8 {[%clk 0:17:09]} 26. Nb3 {[%clk 0:11:29]} Rxc1 {[%clk
0:12:25]} 27. Rxc1 {[%clk 0:11:36]} Rxc1+ {[%clk 0:12:20]} 28. Nxc1 {[%clk
0:12:01]} Kf7 {[%clk 0:12:41]} 29. Nd3 {[%clk 0:10:17]} Ke7 {[%clk 0:12:42]} 30.
Kg2 {[%clk 0:06:56]} a5 {[%clk 0:12:17]} 31. f4 {[%clk 0:05:03]} Kd6 {[%clk
0:09:13]} 32. Kf3 {[%clk 0:02:59]} Nc5 {[%clk 0:09:33]} 33. Nf2 {[%clk 0:01:28]}
Kd5 {[%clk 0:07:47]} 34. Ke3 {[%clk 0:01:00]} f5 {[%clk 0:06:49]} 35. h3 {[%clk
0:00:50]} e5 {[%clk 0:05:10]} 36. fxe5 {[%clk 0:00:38]} Kxe5 {[%clk 0:05:36]} 37.
h4 {[%clk 0:00:37]} g6 {[%clk 0:05:45]} 38. Nd1 {[%clk 0:00:36]} Ne4 {[%clk
0:05:24]} 39. Kf3 {[%clk 0:00:33]} a4 {[%clk 0:04:21]} 40. Ke3 {[%clk 0:30:31]}
h6 {[%clk 0:33:04]} 41. Kf3 {[%clk 0:24:11]} g5 {[%clk 0:31:29]} 42. hxg5 {[%clk
0:22:34]} hxg5 {[%clk 0:31:55]} 43. Ne3 {[%clk 0:20:42]} g4+ {[%clk 0:29:03]} 44.
Kg2 {[%clk 0:20:51]} Nd6 {[%clk 0:25:51]} 45. Kf2 {[%clk 0:11:44]} Ke4 {[%clk
0:20:07]} 46. b3 {[%clk 0:03:41]} g3+ {[%clk 0:20:29]} 0-1

[Event "Greek Team Championship"]
[Site "chess24.com"]
[Date "2017.07.08"]
[Round "7"]
[White "Tsivelekidou, Evgenia"]
[Black "Kalyva, Kyriaki"]
[Result "1/2-1/2"]
[Board "7"]
[WhiteElo "1847"]
[WhiteCountry "GRE"]
[WhiteFideId "4274830"]
[WhiteEloChange "-5"]
[BlackElo "1633"]
[BlackCountry "GRE"]
[BlackFideId "4271181"]
[BlackEloChange "5"]

1. d4 {[%clk 1:30:58]} d5 {[%clk 1:30:55]} 2. c4 {[%clk 1:31:18]} e6 {[%clk
1:31:19]} 3. Nf3 {[%clk 1:31:49]} Nf6 {[%clk 1:31:43]} 4. g3 {[%clk 1:32:16]}
dxc4 {[%clk 1:31:59]} 5. Qa4+ {[%clk 1:32:37]} Nbd7 {[%clk 1:32:10]} 6. Qxc4
{[%clk 1:32:59]} a6 {[%clk 1:32:25]} 7. Bg2 {[%clk 1:33:21]} b5 {[%clk 1:32:07]}
8. Qc6 {[%clk 1:33:47]} Rb8 {[%clk 1:32:27]} 9. Bf4 {[%clk 1:34:03]} Nd5 {[%clk
1:32:09]} 10. Bg5 {[%clk 1:34:24]} Be7 {[%clk 1:31:55]} 11. Bxe7 {[%clk 1:34:25]}
Nxe7 {[%clk 1:28:04]} 12. Qc2 {[%clk 1:33:10]} Bb7 {[%clk 1:27:22]} 13. Nbd2
{[%clk 1:31:56]} Rc8 {[%clk 1:20:12]} 14. Nb3 {[%clk 1:30:28]} e5 {[%clk
1:16:48]} 15. dxe5 {[%clk 1:25:59]} c5 {[%clk 1:10:46]} 16. O-O {[%clk 1:21:17]}
c4 {[%clk 1:04:01]} 17. Nbd2 {[%clk 1:11:10]} Qc7 {[%clk 1:00:56]} 18. Qc3 {[%clk
1:06:09]} Nd5 {[%clk 0:55:10]} 19. Qd4 {[%clk 1:09:18]} O-O {[%clk 0:50:32]} 20.
Ne4 {[%clk 0:59:38]} Nb4 {[%clk 0:28:57]} 21. Rfc1 {[%clk 0:50:09]} Nc6 {[%clk
0:25:00]} 22. Qc3 {[%clk 0:43:53]} Ncxe5 {[%clk 0:22:11]} 23. Nxe5 {[%clk
0:43:17]} Nxe5 {[%clk 0:22:27]} 24. Nd6 {[%clk 0:35:23]} Qxd6 {[%clk 0:21:20]}
25. Bxb7 {[%clk 0:35:46]} Rc7 {[%clk 0:21:27]} 26. Rd1 {[%clk 0:26:45]} Qb6
{[%clk 0:18:19]} 27. Qxe5 {[%clk 0:23:46]} Qxb7 {[%clk 0:18:33]} 28. Rd2 {[%clk
0:21:20]} Re7 {[%clk 0:15:41]} 29. Qd4 {[%clk 0:20:41]} Rfe8 {[%clk 0:12:03]} 30.
e3 {[%clk 0:19:51]} Qe4 {[%clk 0:08:21]} 31. Qxe4 {[%clk 0:19:13]} Rxe4 {[%clk
0:08:45]} 32. Rd6 {[%clk 0:19:15]} R4e6 {[%clk 0:08:29]} 33. Rad1 {[%clk
0:19:18]} Kf8 {[%clk 0:08:07]} 34. Kg2 {[%clk 0:18:37]} Ke7 {[%clk 0:07:01]} 35.
Rd7+ {[%clk 0:18:20]} Kf6 {[%clk 0:07:00]} 36. Rb7 {[%clk 0:17:30]} R8e7 {[%clk
0:06:48]} 37. Rb8 {[%clk 0:15:46]} Rc7 {[%clk 0:06:05]} 38. a4 {[%clk 0:14:41]}
Rc5 {[%clk 0:02:34]} 39. Ra1 {[%clk 0:12:18]} Rd5 {[%clk 0:02:22]} 40. axb5
{[%clk 0:40:32]} Rxb5 {[%clk 0:31:22]} 41. Rc8 {[%clk 0:38:20]} Rxb2 {[%clk
0:30:28]} 42. Rxc4 {[%clk 0:38:40]} Rxe3 {[%clk 0:29:17]} 43. Rxa6+ {[%clk
0:38:37]} Re6 {[%clk 0:28:44]} 44. Rf4+ {[%clk 0:38:34]} Kg6 {[%clk 0:28:47]} 45.
Rxe6+ {[%clk 0:36:48]} fxe6 {[%clk 0:29:10]} 46. Kf3 {[%clk 0:34:57]} Rb5 {[%clk
0:25:05]} 47. Ke3 {[%clk 0:30:47]} Ra5 {[%clk 0:20:34]} 48. Rb4 {[%clk 0:26:51]}
Kf6 {[%clk 0:18:35]} 49. Rb7 {[%clk 0:26:32]} Ra3+ {[%clk 0:18:21]} 50. Ke4
{[%clk 0:24:12]} Ra4+ {[%clk 0:18:02]} 51. Kf3 {[%clk 0:24:33]} Ra3+ {[%clk
0:18:07]} 52. Kg2 {[%clk 0:24:46]} Ra2 {[%clk 0:18:17]} 53. g4 {[%clk 0:24:08]}
h6 {[%clk 0:11:12]} 54. h4 {[%clk 0:23:00]} g6 {[%clk 0:09:20]} 55. Rh7 {[%clk
0:22:58]} 1/2-1/2

[Event "Greek Team Championship"]
[Site "chess24.com"]
[Date "2017.07.08"]
[Round "7"]
[White "Ladopoulos, Dimitrios"]
[Black "Apostolakakis, Konstantinos"]
[Result "1-0"]
[Board "8"]
[WhiteElo "2229"]
[WhiteCountry "GRE"]
[WhiteFideId "4239580"]
[WhiteEloChange "5"]
[BlackElo "2020"]
[BlackCountry "GRE"]
[BlackFideId "4259637"]
[BlackEloChange "-5"]

1. Nf3 {[%clk 1:30:19]} Nf6 {[%clk 1:22:48]} 2. d4 {[%clk 1:29:19]} e6 {[%clk
1:23:13]} 3. g3 {[%clk 1:25:49]} b5 {[%clk 1:23:07]} 4. Bg2 {[%clk 1:17:44]} Bb7
{[%clk 1:23:35]} 5. Nbd2 {[%clk 1:15:18]} c5 {[%clk 1:21:14]} 6. c4 {[%clk
1:06:44]} bxc4 {[%clk 1:07:07]} 7. Nxc4 {[%clk 1:02:27]} cxd4 {[%clk 1:05:58]} 8.
O-O {[%clk 0:51:36]} Bc5 {[%clk 1:02:25]} 9. Nxd4 {[%clk 0:49:24]} Bxg2 {[%clk
1:00:58]} 10. Kxg2 {[%clk 0:49:45]} Qc7 {[%clk 0:57:43]} 11. Bf4 {[%clk 0:35:48]}
Qb7+ {[%clk 0:53:35]} 12. Kg1 {[%clk 0:33:19]} O-O {[%clk 0:52:13]} 13. Nb3
{[%clk 0:30:17]} Be7 {[%clk 0:51:36]} 14. Bd6 {[%clk 0:28:24]} Bxd6 {[%clk
0:51:13]} 15. Nxd6 {[%clk 0:27:17]} Qb4 {[%clk 0:50:59]} 16. Qd2 {[%clk 0:24:59]}
Qg4 {[%clk 0:49:17]} 17. f3 {[%clk 0:24:23]} Qa4 {[%clk 0:48:31]} 18. Qa5 {[%clk
0:21:34]} Qc6 {[%clk 0:46:24]} 19. Rfd1 {[%clk 0:18:27]} Nd5 {[%clk 0:43:51]} 20.
Qc5 {[%clk 0:12:24]} f5 {[%clk 0:36:08]} 21. Rac1 {[%clk 0:09:51]} Qxc5+ {[%clk
0:29:00]} 22. Nxc5 {[%clk 0:09:32]} Nb6 {[%clk 0:28:53]} 23. b4 {[%clk 0:02:25]}
a6 {[%clk 0:27:14]} 24. a4 {[%clk 0:01:10]} Ra7 {[%clk 0:27:44]} 25. b5 {[%clk
0:00:43]} axb5 {[%clk 0:26:05]} 26. axb5 {[%clk 0:01:12]} Ra2 {[%clk 0:26:04]}
27. Kf2 {[%clk 0:01:22]} f4 {[%clk 0:26:21]} 28. gxf4 {[%clk 0:00:32]} Rxf4
{[%clk 0:26:45]} 29. Nce4 {[%clk 0:00:43]} Kf8 {[%clk 0:26:22]} 30. Rc7 {[%clk
0:00:40]} Ra8 {[%clk 0:25:23]} 31. Kg3 {[%clk 0:00:31]} g5 {[%clk 0:24:42]} 32.
e3 {[%clk 0:00:43]} Rxe4 {[%clk 0:24:54]} 33. fxe4 {[%clk 0:00:59]} Ke7 {[%clk
0:25:10]} 34. Nc8+ {[%clk 0:00:58]} 1-0

[Event "Greek Team Championship"]
[Site "chess24.com"]
[Date "2017.07.08"]
[Round "7"]
[White "Ioannidis, Evgenios"]
[Black "Triantos, Konstantinos"]
[Result "0-1"]
[Board "9"]
[WhiteElo "2388"]
[WhiteTitle "FM"]
[WhiteCountry "GRE"]
[WhiteFideId "4229274"]
[WhiteEloChange "-18"]
[BlackElo "2045"]
[BlackCountry "GRE"]
[BlackFideId "4274300"]
[BlackEloChange "18"]

1. d4 {[%clk 1:30:43]} Nf6 {[%clk 1:30:31]} 2. c4 {[%clk 1:30:57]} e6 {[%clk
1:30:56]} 3. Nc3 {[%clk 1:31:14]} Bb4 {[%clk 1:30:44]} 4. e3 {[%clk 1:31:20]} c5
{[%clk 1:30:21]} 5. Bd3 {[%clk 1:31:32]} Nc6 {[%clk 1:30:15]} 6. Nf3 {[%clk
1:31:22]} d6 {[%clk 1:30:26]} 7. O-O {[%clk 1:24:42]} Bxc3 {[%clk 1:30:27]} 8.
bxc3 {[%clk 1:25:07]} e5 {[%clk 1:30:51]} 9. e4 {[%clk 1:23:46]} Bg4 {[%clk
1:24:31]} 10. d5 {[%clk 1:10:41]} Ne7 {[%clk 1:24:01]} 11. h3 {[%clk 0:52:16]}
Bd7 {[%clk 1:21:41]} 12. Rb1 {[%clk 0:51:07]} Rb8 {[%clk 1:21:18]} 13. Nh4 {[%clk
0:48:19]} Ng6 {[%clk 0:43:59]} 14. Nf5 {[%clk 0:46:06]} Bxf5 {[%clk 0:44:23]} 15.
exf5 {[%clk 0:46:32]} Ne7 {[%clk 0:44:47]} 16. Qa4+ {[%clk 0:30:49]} Qd7 {[%clk
0:45:05]} 17. Qxa7 {[%clk 0:31:12]} O-O {[%clk 0:45:32]} 18. g4 {[%clk 0:25:04]}
e4 {[%clk 0:36:28]} 19. Be2 {[%clk 0:25:21]} h5 {[%clk 0:28:41]} 20. Qb6 {[%clk
0:17:02]} hxg4 {[%clk 0:26:15]} 21. hxg4 {[%clk 0:17:28]} g6 {[%clk 0:25:35]} 22.
Qb2 {[%clk 0:09:08]} gxf5 {[%clk 0:24:57]} 23. Qd2 {[%clk 0:09:35]} Nxg4 {[%clk
0:21:55]} 24. f3 {[%clk 0:04:54]} e3 {[%clk 0:21:49]} 25. Qe1 {[%clk 0:05:04]}
Nf6 {[%clk 0:19:18]} 26. Bxe3 {[%clk 0:03:54]} Ng6 {[%clk 0:19:35]} 27. Qd2
{[%clk 0:03:09]} Kh7 {[%clk 0:14:06]} 28. Bg5 {[%clk 0:02:52]} Nh5 {[%clk
0:08:08]} 29. Kf2 {[%clk 0:02:11]} Rh8 {[%clk 0:08:03]} 30. Rh1 {[%clk 0:02:18]}
Kg7 {[%clk 0:07:30]} 31. Rbg1 {[%clk 0:02:44]} f4 {[%clk 0:06:19]} 32. Bxf4
{[%clk 0:02:06]} Nxf4 {[%clk 0:06:48]} 33. Rxh8 {[%clk 0:02:30]} Kxh8 {[%clk
0:07:00]} 0-1

[Event "Greek Team Championship"]
[Site "chess24.com"]
[Date "2017.07.08"]
[Round "7"]
[White "Nikolakopoulos, Dimitrios"]
[Black "Kalamoukos, Grigorios"]
[Result "1/2-1/2"]
[Board "10"]
[WhiteElo "1280"]
[WhiteCountry "GRE"]
[WhiteFideId "25825135"]
[WhiteEloChange "1"]
[BlackElo "1331"]
[BlackCountry "GRE"]
[BlackFideId "4298020"]
[BlackEloChange "-1"]

1. e4 {[%clk 1:30:54]} c6 {[%clk 1:30:55]} 2. Nf3 {[%clk 1:31:15]} d5 {[%clk
1:31:12]} 3. Nc3 {[%clk 1:31:33]} Bg4 {[%clk 1:31:31]} 4. h3 {[%clk 1:31:45]}
Bxf3 {[%clk 1:31:52]} 5. Qxf3 {[%clk 1:32:10]} e6 {[%clk 1:32:10]} 6. d4 {[%clk
1:32:15]} dxe4 {[%clk 1:31:31]} 7. Qe3 {[%clk 1:27:08]} Nf6 {[%clk 1:29:13]} 8.
Nxe4 {[%clk 1:25:34]} Nbd7 {[%clk 1:27:51]} 9. Bd2 {[%clk 1:23:22]} Qb6 {[%clk
1:26:42]} 10. b3 {[%clk 1:16:02]} Be7 {[%clk 1:25:08]} 11. Bc4 {[%clk 1:12:12]}
Nxe4 {[%clk 1:17:31]} 12. Qxe4 {[%clk 1:12:20]} Nf6 {[%clk 1:17:50]} 13. Qe3
{[%clk 1:11:54]} Nd5 {[%clk 1:17:51]} 14. Bxd5 {[%clk 1:11:47]} cxd5 {[%clk
1:18:01]} 15. O-O {[%clk 1:11:50]} O-O {[%clk 1:17:27]} 16. f4 {[%clk 1:09:25]}
Rac8 {[%clk 1:16:13]} 17. c3 {[%clk 1:09:22]} h6 {[%clk 1:13:50]} 18. f5 {[%clk
1:09:08]} Bg5 {[%clk 1:14:13]} 19. Qe2 {[%clk 1:08:17]} Bxd2 {[%clk 1:14:31]} 20.
Qxd2 {[%clk 1:08:42]} e5 {[%clk 1:14:51]} 21. Kh1 {[%clk 1:06:45]} exd4 {[%clk
1:12:42]} 22. cxd4 {[%clk 1:06:06]} Rc6 {[%clk 1:09:22]} 23. Rac1 {[%clk
1:05:59]} Rfc8 {[%clk 1:08:37]} 24. Rxc6 {[%clk 1:03:39]} Rxc6 {[%clk 1:08:51]}
25. Re1 {[%clk 1:02:03]} Qc7 {[%clk 1:07:55]} 26. a4 {[%clk 0:53:44]} Rc2 {[%clk
1:05:40]} 27. Qd3 {[%clk 0:51:49]} Rc3 {[%clk 1:00:20]} 28. Qb5 {[%clk 0:41:48]}
Rc1 {[%clk 0:53:54]} 29. Rxc1 {[%clk 0:39:02]} Qxc1+ {[%clk 0:54:16]} 30. Kh2
{[%clk 0:39:30]} Qf4+ {[%clk 0:54:37]} 31. Kh1 {[%clk 0:39:24]} Qxf5 {[%clk
0:54:43]} 32. Qxb7 {[%clk 0:39:26]} Qf1+ {[%clk 0:54:47]} 33. Kh2 {[%clk
0:39:51]} Qf4+ {[%clk 0:54:59]} 34. Kh1 {[%clk 0:40:17]} Qxd4 {[%clk 0:55:08]}
35. Qc8+ {[%clk 0:40:40]} Kh7 {[%clk 0:55:22]} 36. Qf5+ {[%clk 0:41:03]} Kg8
{[%clk 0:55:41]} 37. Qc8+ {[%clk 0:39:58]} Kh7 {[%clk 0:56:00]} 38. Qf5+ {[%clk
0:40:01]} Kg8 {[%clk 0:56:22]} 39. Qc8+ {[%clk 0:39:21]} Kh7 {[%clk 0:56:44]}
1/2-1/2

[Event "Greek Team Championship"]
[Site "chess24.com"]
[Date "2017.07.08"]
[Round "7"]
[White "Banikas, Hristos"]
[Black "Van Wely, Loek"]
[Result "1/2-1/2"]
[Board "1"]
[WhiteElo "2567"]
[WhiteTitle "GM"]
[WhiteCountry "GRE"]
[WhiteFideId "4202031"]
[WhiteEloChange "1"]
[BlackElo "2674"]
[BlackTitle "GM"]
[BlackCountry "NED"]
[BlackFideId "1000268"]
[BlackEloChange "-1"]

1. d4 {[%clk 1:29:37]} Nf6 {[%clk 1:30:47]} 2. c4 {[%clk 1:29:55]} e6 {[%clk
1:31:00]} 3. Nf3 {[%clk 1:30:12]} b6 {[%clk 1:31:02]} 4. g3 {[%clk 1:30:11]} Ba6
{[%clk 1:30:47]} 5. b3 {[%clk 1:30:06]} Bb4+ {[%clk 1:31:02]} 6. Bd2 {[%clk
1:30:26]} Be7 {[%clk 1:31:19]} 7. Bg2 {[%clk 1:30:36]} c6 {[%clk 1:31:14]} 8. O-O
{[%clk 1:30:56]} d5 {[%clk 1:31:30]} 9. Qc2 {[%clk 1:31:19]} Nbd7 {[%clk
1:31:36]} 10. Rd1 {[%clk 1:31:41]} O-O {[%clk 1:31:56]} 11. Bf4 {[%clk 1:32:05]}
Nh5 {[%clk 1:32:08]} 12. Bc1 {[%clk 1:32:26]} Nhf6 {[%clk 1:32:26]} 13. Bf4
{[%clk 1:32:44]} Nh5 {[%clk 1:32:44]} 14. Bc1 {[%clk 1:33:06]} Nhf6 {[%clk
1:33:07]} 15. Bf4 {[%clk 1:33:28]} 1/2-1/2

[Event "Greek Team Championship"]
[Site "chess24.com"]
[Date "2017.07.08"]
[Round "7"]
[White "Halkias, Stelios"]
[Black "Stankovic, Milos"]
[Result "1-0"]
[Board "2"]
[WhiteElo "2580"]
[WhiteTitle "GM"]
[WhiteCountry "GRE"]
[WhiteFideId "4201809"]
[WhiteEloChange "3"]
[BlackElo "2395"]
[BlackTitle "IM"]
[BlackCountry "SRB"]
[BlackFideId "938190"]
[BlackEloChange "-5"]

1. c4 {[%clk 1:28:08]} Nf6 {[%clk 1:29:08]} 2. g3 {[%clk 1:28:13]} g6 {[%clk
1:28:34]} 3. Bg2 {[%clk 1:28:32]} Bg7 {[%clk 1:25:43]} 4. Nc3 {[%clk 1:27:00]}
O-O {[%clk 1:25:51]} 5. Nf3 {[%clk 1:26:34]} d5 {[%clk 1:25:01]} 6. cxd5 {[%clk
1:26:34]} Nxd5 {[%clk 1:25:02]} 7. O-O {[%clk 1:26:57]} Nb6 {[%clk 1:23:28]} 8.
d4 {[%clk 1:25:11]} Nc6 {[%clk 1:22:54]} 9. d5 {[%clk 1:21:57]} Na5 {[%clk
1:22:36]} 10. Qc2 {[%clk 1:16:53]} Bd7 {[%clk 1:14:23]} 11. Bg5 {[%clk 0:58:35]}
h6 {[%clk 1:08:23]} 12. Bf4 {[%clk 0:56:33]} c6 {[%clk 1:01:05]} 13. Rad1 {[%clk
0:39:42]} Rc8 {[%clk 0:39:32]} 14. d6 {[%clk 0:35:01]} Nac4 {[%clk 0:36:39]} 15.
dxe7 {[%clk 0:33:52]} Qxe7 {[%clk 0:37:02]} 16. b3 {[%clk 0:29:54]} g5 {[%clk
0:35:24]} 17. Bxg5 {[%clk 0:25:14]} hxg5 {[%clk 0:35:25]} 18. bxc4 {[%clk
0:25:26]} g4 {[%clk 0:34:20]} 19. Nh4 {[%clk 0:22:46]} Nxc4 {[%clk 0:32:39]} 20.
Nf5 {[%clk 0:08:45]} Bxf5 {[%clk 0:26:10]} 21. Qxf5 {[%clk 0:09:12]} Qe6 {[%clk
0:26:23]} 22. Qxe6 {[%clk 0:06:56]} fxe6 {[%clk 0:26:46]} 23. Ne4 {[%clk
0:07:24]} Rf5 {[%clk 0:24:06]} 24. Rd7 {[%clk 0:06:08]} b5 {[%clk 0:23:04]} 25.
Rxa7 {[%clk 0:04:50]} Rd8 {[%clk 0:23:17]} 26. Rc7 {[%clk 0:04:25]} Nd2 {[%clk
0:22:15]} 27. Rc1 {[%clk 0:03:41]} Bh6 {[%clk 0:19:00]} 28. R1xc6 {[%clk
0:02:52]} Rdf8 {[%clk 0:12:26]} 29. Rxe6 {[%clk 0:02:00]} Nxe4 {[%clk 0:12:50]}
30. Rg6+ {[%clk 0:01:45]} 1-0

[Event "Greek Team Championship"]
[Site "chess24.com"]
[Date "2017.07.08"]
[Round "7"]
[White "Petrakis, Ilias"]
[Black "Georgiadis, Ioannis"]
[Result "0-1"]
[Board "3"]
[WhiteElo "2165"]
[WhiteCountry "GRE"]
[WhiteFideId "4208323"]
[WhiteEloChange "-3"]
[BlackElo "2485"]
[BlackTitle "IM"]
[BlackCountry "GRE"]
[BlackFideId "4208900"]
[BlackEloChange "1"]

1. e4 {[%clk 1:30:53]} e5 {[%clk 1:30:43]} 2. Nf3 {[%clk 1:31:15]} Nc6 {[%clk
1:31:07]} 3. Bb5 {[%clk 1:31:39]} a6 {[%clk 1:30:46]} 4. Ba4 {[%clk 1:32:03]} Nf6
{[%clk 1:31:03]} 5. d3 {[%clk 1:32:26]} d6 {[%clk 1:30:24]} 6. c3 {[%clk
1:32:49]} g6 {[%clk 1:29:37]} 7. Nbd2 {[%clk 1:33:13]} Bg7 {[%clk 1:29:36]} 8.
Nf1 {[%clk 1:33:34]} O-O {[%clk 1:25:21]} 9. Ng3 {[%clk 1:33:56]} Re8 {[%clk
1:22:41]} 10. O-O {[%clk 1:30:54]} b5 {[%clk 1:21:04]} 11. Bc2 {[%clk 1:31:01]}
Bb7 {[%clk 1:19:05]} 12. a3 {[%clk 1:24:41]} Nb8 {[%clk 1:15:50]} 13. h3 {[%clk
1:21:03]} Nbd7 {[%clk 1:15:00]} 14. Be3 {[%clk 1:17:08]} c5 {[%clk 1:12:41]} 15.
Qd2 {[%clk 1:11:21]} d5 {[%clk 1:06:34]} 16. Bh6 {[%clk 1:06:20]} c4 {[%clk
1:02:57]} 17. Nf5 {[%clk 0:55:29]} gxf5 {[%clk 0:53:29]} 18. Qg5 {[%clk 0:55:48]}
Nh5 {[%clk 0:53:50]} 19. Qxh5 {[%clk 0:56:05]} Bxh6 {[%clk 0:53:46]} 20. Qxh6
{[%clk 0:56:29]} cxd3 {[%clk 0:43:34]} 21. Bb3 {[%clk 0:40:25]} fxe4 {[%clk
0:37:08]} 22. Ng5 {[%clk 0:40:49]} Nf8 {[%clk 0:21:43]} 23. Rae1 {[%clk 0:38:42]}
Re6 {[%clk 0:17:53]} 24. Nxe6 {[%clk 0:38:40]} Nxe6 {[%clk 0:16:04]} 25. Re3
{[%clk 0:38:56]} Kh8 {[%clk 0:07:41]} 26. Rg3 {[%clk 0:39:11]} Qe7 {[%clk
0:06:47]} 27. f3 {[%clk 0:27:54]} e3 {[%clk 0:06:05]} 28. Qxe3 {[%clk 0:27:24]}
Qc5 {[%clk 0:05:43]} 29. Qxc5 {[%clk 0:24:08]} Nxc5 {[%clk 0:06:09]} 30. Bd1
{[%clk 0:22:52]} Re8 {[%clk 0:03:09]} 31. Re1 {[%clk 0:22:21]} f6 {[%clk
0:02:42]} 32. f4 {[%clk 0:17:55]} e4 {[%clk 0:02:29]} 33. Kf2 {[%clk 0:16:43]}
Ne6 {[%clk 0:02:06]} 34. Ke3 {[%clk 0:14:53]} Ng7 {[%clk 0:02:05]} 35. Kd2 {[%clk
0:15:05]} Rd8 {[%clk 0:02:22]} 36. h4 {[%clk 0:12:49]} Nf5 {[%clk 0:01:47]} 37.
Rh3 {[%clk 0:13:11]} Nd6 {[%clk 0:02:04]} 38. Bb3 {[%clk 0:09:58]} Rg8 {[%clk
0:02:13]} 39. Rg1 {[%clk 0:07:47]} h5 {[%clk 0:02:26]} 40. Bd1 {[%clk 0:35:03]}
Bc8 {[%clk 0:32:24]} 41. g4 {[%clk 0:29:52]} hxg4 {[%clk 0:29:54]} 42. Rhg3
{[%clk 0:29:26]} Nc4+ {[%clk 0:28:01]} 43. Kc1 {[%clk 0:29:47]} f5 {[%clk
0:27:57]} 44. Bb3 {[%clk 0:29:34]} Nb6 {[%clk 0:27:39]} 45. Kd2 {[%clk 0:29:20]}
Be6 {[%clk 0:27:47]} 46. Ra1 {[%clk 0:28:02]} Rb8 {[%clk 0:24:38]} 47. Ba2 {[%clk
0:27:40]} Kg7 {[%clk 0:24:07]} 48. Bb3 {[%clk 0:20:50]} Bf7 {[%clk 0:23:10]} 49.
Re1 {[%clk 0:19:50]} Rc8 {[%clk 0:22:37]} 50. Rc1 {[%clk 0:19:03]} a5 {[%clk
0:22:18]} 51. Ra1 {[%clk 0:18:22]} d4 {[%clk 0:20:42]} 52. Bd1 {[%clk 0:15:46]}
Nc4+ {[%clk 0:19:42]} 53. Kc1 {[%clk 0:16:05]} d2+ {[%clk 0:19:12]} 54. Kb1
{[%clk 0:16:04]} Ne3 {[%clk 0:19:19]} 55. Rxe3 {[%clk 0:16:03]} dxe3 {[%clk
0:19:45]} 56. Kc2 {[%clk 0:14:17]} Bc4 {[%clk 0:19:55]} 0-1